100 najlepszych zawodników NBA [przed sezonem 2022/2023] - Statystyki

Ogólne statystyki
  • Ten quiz został rozwiązany 95 razy
  • Średni wynik to 35 z 100
Statystyki odpowiedzi
Hint Odpowiedź % Poprawnych
LA Lakers LeBron James
90%
Dallas Mavericks Luka Doncic
89%
Denver Nuggets Nikola Jokic
89%
Memphis Grizzlies Ja Morant
86%
Golden State Warriors Stephen Curry
86%
Brooklyn Nets Kevin Durant
82%
Philadelphia 76ers James Harden
81%
Philadelphia 76ers Joel Embiid
81%
Portland Trail Blazers Damian Lillard
79%
Phoenix Suns Devin Booker
77%
Boston Celtics Jayson Tatum
71%
LA Clippers Kawhi Leonard
71%
LA Clippers Paul George
71%
Milwaukee Bucks Giannis Antetokounmpo
70%
Miami Heat Jimmy Butler
70%
LA Lakers Anthony Davis
68%
Minnesota Timberwolves Anthony Edwards
66%
Miami Heat Bam Adebayo
62%
Clevland Cavaliers Donovan Mitchell
62%
Boston Celtics Jaylen Brown
62%
Minnesota Timberwolves Karl-Anthony Towns
62%
Brooklyn Nets Kyrie Irving
60%
Golden State Warriors Klay Thompson
59%
Chicago Bulls Zach LaVine
59%
New Orlean Pelicans Zion Williamson
58%
Minnesota Timberwolves Rudy Gobert
56%
Phoenix Suns Chris Paul
55%
Chicago Bulls DeMar DeRozan
49%
Golden State Warriors Draymond Green
49%
Milwaukee Bucks Jrue Holiday
49%
Charlotte Hornets LaMelo Ball
49%
Washington Wizards Bradley Beal
47%
Toronto Raptors Pascal Siakam
45%
Jalen Brunson Jalen Brunson
44%
Washington Wizards Kristaps Porzingis
41%
Milwaukee Bucks Khris Middleton
40%
Sacramento Kings Domantas Sabonis
38%
Denver Nuggets Jamal Murray
38%
Philadelphia 76ers Tyrese Maxey
38%
New Orleans Pelicans Brandon Ingram
36%
Detroit Pistons Cade Cunningham
36%
Sacramento Kings De'Aaron Fox
36%
Indiana Pacers Tyrese Haliburton
36%
LA Lakers Russell Westbrook
34%
Atlanta Hawks Trea Young
34%
Oklahoma City Thunder Shai Gilgeous-Alexander
33%
Boston Celtics Al Horford
30%
Golden State Warriors Jordan Poole
30%
New York Knicks Julius Randle
29%
Miami Heat Tyler Herro
29%
Golden State Warriors Andrew Wiggins
27%
Clevland Cavaliers Darius Garland
27%
Chicago Bulls Lonzo Ball
27%
Phoenix Suns Deandre Ayton
26%
Denver Nuggets Aaron Gordon
25%
Toronto Raptors Fred VanVleet
25%
Memphis Grizzlies Jaren Jackson Jr.
25%
Chicago Bulls Nikola Vucevic
25%
Atlanta Hawks Clint Capela
23%
Clevland Cavaliers Jarrett Allen
23%
Boston Celtics Marcus Smart
23%
New Orlean Pelicans CJ McCollum
21%
Clevland Cavaliers Evan Mobley
21%
Phoenix Suns Mikal Bridges
21%
Atlanta Hawks Dejounte Murray
19%
Houston Rockets Jalen Green
19%
Miami Heat Kyle Lowry
19%
Brooklyn Nets Ben Simmons
18%
Memphis Grizzlies Dillon Brooks
18%
Clevland Cavaliers Kevin Love
18%
Toronto Raptors Scottie Barnes
18%
Memphis Grizzlies Desmond Bane
16%
New Orleans Pelicans Jonas Valanciunas
15%
Portland Trail Blazers Jusuf Nurkic
15%
Denver Nuggets Michael Porter Jr.
14%
New York Knicks RJ Barrett
14%
Orlando Magic Paolo Banchero
12%
Philadelphia 76ers Tobias Harris
12%
Atlanta Hawks John Collins
11%
Utah Jazz Mike Conley
11%
Toronto Raptors OG Anunoby
11%
Atlanta Hawks Bogdan Bogdanovic
10%
Indiana Pacers Buddy Hield
8%
Utah Jazz Jordan Clarkson
8%
Sacramento Kings Keegan Murray
8%
Indiana Pacers Malcolm Brogdon
8%
Indiana Pacers Myles Turner
8%
Brooklyn Nets Seth Curry
8%
Sacramento Kings Harrison Barnes
7%
Portland Trail Blazers Jerami Grant
7%
Oklahoma City Thunder Josh Giddey
7%
Washington Wizards Spencer Dinwiddie
7%
Portland Trail Blazers Anfernee Simons
5%
Minnesota Timberwolves D'Angelo Russell
5%
Dallas Mavericks Christian Wood
4%
Boston Celtics Grant Williams
4%
Clevland Cavaliers Caris LeVert
3%
New York Knicks Mitchell Robinson
3%
Boston Celtics Robert Williams III
3%
Memphis Grizzlies Brandon Clarke
0%
Nie znaleziono quizów pasujących do podanych kryteriów
Rozkład punktacji
Procent ludzi z każdym wynikiem
Percentyl według liczby udzielonych odpowiedzi
Twoja historia wyników
Nie rozwiązałeś tego quizu